| 000 | 00474nam a2200181Ia 4500 | ||
|---|---|---|---|
| 001 | 23625 | ||
| 005 | 20260414150949.0 | ||
| 008 | 260414t2019||||xx |||||||||||||| ||spa|| | ||
| 041 | _aESP | ||
| 082 |
_a670.427 _bG82 |
||
| 100 |
_aGroover, Mikell P. _eAUT |
||
| 245 | 0 |
_aAutomation, production systems, and computer-integrated manufacturing _b |
|
| 260 | _c2019 | ||
| 300 |
_axiv, 795 páginas : _c26 cm. |
||
| 650 | _aTCA | ||
| 654 | _aCII | ||
| 942 |
_cLIB _dJUS _fJUS _2ddc _n |
||
| 999 |
_c23625 _d23625 |
||